Screening of Trichoderma strains isolated from rhizosphere samples for laccase production

Elmentve itt :
Bibliográfiai részletek
Szerzők: Körmöczi Péter
Manczinger László
Sajben-Nagy Enikő Ilona
Vágvölgyi Csaba
Danilovic Gordana
Pankovic Dejana
Jovanovic Ljubinko
Pucarevic Mira M.
Kredics László
Dokumentumtípus: Cikk
Megjelent: 2013
Sorozat:Review on Agriculture And Rural Development 2 No. 1
mtmt:2299958
Online Access:http://publicatio.bibl.u-szeged.hu/4478
LEADER 00975nab a2200277 i 4500
001 publ4478
005 20190226110544.0
008 141119s2013 hu o 0|| angol d
022 |a 2063-4803 
024 7 |a 2299958  |2 mtmt 
040 |a SZTE Publicatio Repozitórium  |b hun 
041 |a angol 
100 1 |a Körmöczi Péter 
245 1 0 |a Screening of Trichoderma strains isolated from rhizosphere samples for laccase production  |h [elektronikus dokumentum] /  |c  Körmöczi Péter 
260 |c 2013 
300 |a 325-330 
490 0 |a Review on Agriculture And Rural Development  |v 2 No. 1 
700 0 1 |a Manczinger László  |e aut 
700 0 2 |a Sajben-Nagy Enikő Ilona  |e aut 
700 0 2 |a Vágvölgyi Csaba  |e aut 
700 0 2 |a Danilovic Gordana  |e aut 
700 0 2 |a Pankovic Dejana  |e aut 
700 0 2 |a Jovanovic Ljubinko  |e aut 
700 0 2 |a Pucarevic Mira M.  |e aut 
700 0 2 |a Kredics László  |e aut 
856 4 0 |u http://publicatio.bibl.u-szeged.hu/4478/1/RARD2013.pdf  |z Dokumentum-elérés